| 000 | 02039nam a2200301 a 4500 | ||
|---|---|---|---|
| 005 | 2011120808148.0 | ||
| 010 | _aB-470152-159 | ||
| 020 |
_a9788171679928 _c150.00 |
||
| 035 | _aB-470152-159 | ||
| 037 | _bBlueberry /Ven | ||
| 082 | _aS | ||
| 245 |
_aGhost storeis from the Raj / _cedited by Ruskin Bond |
||
| 260 |
_aNew Delhi _bRupa Publications _c2011 |
||
| 270 |
_a7/16, Ansari Raod, Daryaganj _bNew Delhi _e110002 |
||
| 300 |
_axiii, 170p. _c18cm. (pbk) |
||
| 700 |
_aBond, Ruskin _936605 |
||
| 856 |
_3Table of contents _uhttp://www.loc.gov/catdir/toc/ecip0516/2005020735.html |
||
| 942 |
_2ddc _cEN _mGHO _hS |
||
| 999 |
_c59078 _d59078 |
||